A sportszponzoráció - A média szerepe és jelentősége
Elmentve itt :
| Szerző: | |
|---|---|
| További közreműködők: | |
| Dokumentumtípus: | Szakdolgozat |
| Megjelent: |
2000
|
| Tárgyszavak: | |
| Online Access: | http://diploma.bibl.u-szeged.hu/37681 |
| LEADER | 00554nta a2200157 i 4500 | ||
|---|---|---|---|
| 001 | dipl37681 | ||
| 005 | 20130412124556.0 | ||
| 008 | 130412s2000 hu om 0|| hun d | ||
| 040 | |a SZTE Diploma Repozitórium |b hun | ||
| 041 | |a hun | ||
| 100 | 1 | |a Nemes Károly | |
| 245 | 1 | 2 | |a A sportszponzoráció - A média szerepe és jelentősége |h [elektronikus dokumentum] / |c Károly Nemes |
| 260 | |c 2000 | ||
| 650 | 4 | |a Bölcsészettudományok | |
| 700 | 1 | |a Szeles Péter |e ths | |
| 856 | 4 | 0 | |u http://diploma.bibl.u-szeged.hu/id/eprint/37681/1/2000_nemes_karoly.pdf |z Dokumentum-elérés |